000 00389nam a2200157Ia 4500
008 230917s9999||||xx |||||||||||||| ||und||
040 _e123117
_aMAIN
041 _aEnglish
082 _a005.43 S32O
100 _aSilberschatz, Abraham
245 0 _aOperating system principles
250 _a7th ed.
260 _aNew Delhi
_bJohn wiley
_c2006
300 _axx p. ; 896p
942 _cBK
999 _c143189
_d143189